| 000 | 01719nam a2200277 4500 | ||
|---|---|---|---|
| 005 | 20171129153519.0 | ||
| 008 | 171129s1882 |||| |||| 001 0 lat d | ||
| 040 |
_aCO-BoUCM _bspa _cSandra Yazo _dSandra Yazo |
||
| 041 | 0 | _alat | |
| 082 | 0 | 4 |
_220 _a170 |
| 092 | _aE44N069 | ||
| 100 | 1 |
_aFerretti, Augusto _d1845-1911 _989768 |
|
| 242 | 0 | 0 |
_aLecciones de filosofía moral _cAugusto Ferretti _yspa |
| 245 | 1 | 0 |
_aInstitutiones Philosophiae Moralis _cAugusto Ferretti |
| 260 |
_a[Lugar desconocido] _b[Editorial desconocida] _c1882 |
||
| 300 |
_a656, [14] páginas _c23 x 16 cm. |
||
| 500 | _aDetalles físicos: Encuadernación rígida (holandesa) en cartón forrado en papel jaspeado. Lomo de cuero con letras y líneas decorativas en dorado. Guardas. Portada en una sola tinta enmarcada en un doble recuadro. Texto en una sola columna. Notas de pie de página. Periódicamente, otras notas inferiores señalan a qué folio del texto corresponde lo copiado. Tapas con esquinas dobladas, bordes deteriorados, papel rasgado y residuos de cinta pegante. Sello de tinta en guarda y otro en la portada "Biblioteca del Seminario - Bogotá". Copia manuscrita del libro original | ||
| 505 | 0 | _aParte I - II: El fin último y la plena felicidad del ser humano ; Los actos humanos ; Moralidad de los actos humanos ; La ley moral ; La conciencia moral ; Los hábitos morales -- Los deberes y derechos en general ; El derecho social ; El derecho individual | |
| 546 | _aTexto en latín con expresiones en griego | ||
| 650 | 7 |
_9195 _aÉtica |
|
| 650 | 7 |
_914772 _aEscolasticismo |
|
| 650 | 7 |
_99345 _aAristotelismo |
|
| 650 | 7 |
_925513 _aTomismo |
|
| 690 |
_aFilosofía _975 |
||
| 942 |
_2LOCAL _cLIBRO _e2 _hE44N069 |
||
| 999 |
_c308827 _d308827 |
||